书目信息 |
| 题名: |
知识改变命运
|
|
| 作者: | 南剑 编著 | |
| 分册: | ||
| 出版信息: | 北京 中国盲文出版社 2002 |
|
| 页数: | 359页 | |
| 开本: | 20cm | |
| 丛书名: | 成功书坊 | |
| 单 册: | ||
| 中图分类: | K812.5 | |
| 科图分类: | ||
| 主题词: | 传记 | |
| 电子资源: | ||
| ISBN: | 7-5002-1678-5 | |
| 000 | 00806oam2 2200241 450 | |
| 001 | 020000019828 | |
| 005 | 20051121160739.51 | |
| 010 | @a7-5002-1678-5@dCNY22.00 | |
| 100 | @a20040910d2002 ekmy0chiy0120 ea | |
| 101 | 0 | @achi |
| 102 | @aCN@b110000 | |
| 105 | @ay z 000yy | |
| 200 | 1 | @a知识改变命运@Azhi shi gai bian ming yun@9ru he gai bian ming yun@f南剑编著@Fnan jian bian zhu |
| 210 | @a北京@c中国盲文出版社@d2002 | |
| 215 | @a359页@d20cm | |
| 225 | 2 | @a成功书坊@v2 |
| 330 | @a本书所讲述知识与命运的故事,涉及现当代社会精英,既包括已经十分著名和有重大成就的人物,也包括一些知识改变了自己命运但还并未声名显赫的“小”人物。 | |
| 461 | 0 | @12001 @a成功书坊 |
| 606 | 0 | @a传记 |
| 690 | @aK812.5@v4 | |
| 701 | 0 | @a南剑@Anan jian@4编著 |
| 801 | 0 | @aCN@bTSSF@c20051121 |
| 905 | @a10447@dK812.5@e33 | |
| 知识改变命运/南剑编著.-北京:中国盲文出版社,2002 |
| 359页;20cm.-(成功书坊;2) |
| ISBN 7-5002-1678-5:CNY22.00 |
| 本书所讲述知识与命运的故事,涉及现当代社会精英,既包括已经十分著名和有重大成就的人物,也包括一些知识改变了自己命运但还并未声名显赫的“小”人物。 |
| ● |
| 相关链接 |
|
|
|
|
正题名:知识改变命运
索取号:K812.5/33
 
预约/预借
| 序号 | 登录号 | 条形码 | 馆藏地/架位号 | 状态 | 备注 |
| 1 | 0366110 | 3661102 | 第二样本阅览室/ [索取号:K812.5/33] | 在馆 | |
| 2 | 0366111 | 3661111 | 第二借阅区/ [索取号:K812.5/33] | 在馆 | |
| 3 | 0366112 | 3661120 | 第二借阅区/ [索取号:K812.5/33] | 在馆 | |
| 4 | 0366113 | 3661139 | 第二借阅区/ [索取号:K812.5/33] | 在馆 | |
| 5 | 0366114 | 3661148 | 第二借阅区/ [索取号:K812.5/33] | 在馆 | |
| 6 | 0366115 | 3661157 | 第二借阅区/ [索取号:K812.5/33] | 在馆 | |
| 7 | 0366116 | 3661166 | 第二借阅区/ [索取号:K812.5/33] | 在馆 | |
| 8 | 0366117 | 3661175 | 第二借阅区/ [索取号:K812.5/33] | 在馆 | |
| 9 | 0366118 | 3661184 | 第二借阅区/ [索取号:K812.5/33] | 在馆 | |
| 10 | 0366119 | 3661193 | 第二借阅区/ [索取号:K812.5/33] | 在馆 |